000 00668nam a2200253Ia 4500
003 OSt
005 20220924125153.0
006 a|||||r|||| 00| 0
007 ta
008 220923b |||||||| |||| 00| 0 san d
024 _a74750
037 _cTextual
040 _aARTS
_cARTS
_bsan
041 _2san
_asan
082 _aR641xK30,1, 15L2
100 _aAppadeva
_982353
245 0 _aMimamsa nyaya prakasa
250 _a2nd
260 _aPoona
_bBhandarkar Oriental Research Insturdte `
_c1972
300 _a32,288p.
_ccm.
650 _aBHATT MIMAMSA
942 _hR641xK30,1, 15L2
_cTEXL
_2CC
999 _c421964
_d421964